000 00590nam a2200241Ia 4500
003 0100
008 130303s9999 xx 000 0 und d
020 _a0140227687
040 _cARRUPELIB
050 _aHM51.T615
245 _aSociological perspectives
245 _bselected readings
260 _aMiddlesex
260 _bPenguin Books
260 _C1971
300 _a592p.
300 _b 20cm.
650 _bPiaget, Jean
650 _cLukacs, Gyorgy
650 _dDialectical materialism
700 _aThompson, Kenneth and Tunstall, Jeremy (eds.)
942 _2lcc
_01
999 _c64241
_d64241